[Event "Cannes"]
[Site "Cannes"]
[Date "1987.??.??"]
[Round "?"]
[White "Ivkov, Borislav"]
[Black "Fedorowicz, John P"]
[Result "1/2-1/2"]
[WhiteElo "2480"]
[BlackElo "2535"]

1.Nf3 c5 2.c4 Nc6 3.e3 g6 4.d4 Bg7 5.d5 Na5 6.e4 d6 7.Nc3 Nf6 8.Rb1 O-O 9.Be2 e5
10.Bg5 h6 11.Bd2 Nh5 12.g3 Bh3 13.Rg1 Nf6 14.Nh4 b6 15.b3 Bd7 16.Kf1 a6 17.Kg2 Kh7
18.Bd3  1/2-1/2

[Event "Cannes"]
[Site "Cannes"]
[Date "1987.??.??"]
[Round "?"]
[White "Fedorowicz, John P"]
[Black "Renet, Olivier"]
[Result "1-0"]
[WhiteElo "2535"]
[BlackElo "2455"]

1.d4 Nf6 2.c4 e6 3.Nf3 c5 4.d5 exd5 5.cxd5 d6 6.Nc3 g6 7.Bf4 a6 8.e4 b5 9.Qe2 Be7
10.Qc2 O-O 11.Be2 Bg4 12.O-O Re8 13.h3 Bxf3 14.Bxf3 Nbd7 15.a4 Qb6 16.b3 Bf8
17.axb5 axb5 18.Rxa8 Rxa8 19.Be2 c4 20.bxc4 b4 21.Nb5 Nc5 22.e5 b3 23.Qb1 dxe5
24.Be3 Nfd7 25.d6 e4 26.Bd1 Ra4 27.Qxb3 Nxb3 28.Bxb6 Rxc4 29.Bxb3 Rb4 30.Rb1 Rxb5
31.Bxf7+ Kxf7 32.Rxb5 Bxd6 33.Bd4 Ke6 34.Kf1 Nb8 35.Ke2 Nc6 36.Ke3 Bb8 37.Kxe4 Nxd4
38.Rxb8  1-0

[Event "Lloyds Bank op"]
[Site "London"]
[Date "1987.??.??"]
[Round "3"]
[White "Sorenson, H."]
[Black "Fedorowicz, John P"]
[Result "0-1"]
[WhiteElo "2250"]
[BlackElo "2520"]

1.d4 Nf6 2.Nf3 e6 3.Bg5 c5 4.e3 Be7 5.Nbd2 cxd4 6.exd4 b6 7.c3 Bb7 8.Bd3 O-O
9.O-O d6 10.Re1 Nbd7 11.Bf4 Re8 12.Nc4 Qc7 13.Nfd2 Rad8 14.a4 Bf8 15.Nf3 Qb8
16.Bg3 g6 17.h3 Rc8 18.Re3 Nd5 19.Re1 N7f6 20.Qd2 a6 21.Nh4 Nh5 22.Bh2 Be7
23.Nf3 b5 24.axb5 axb5 25.Na5 Ba8 26.Ng5 Qb6 27.Ne4 Ndf6 28.Qe2 Nxe4 29.Bxe4 Bxe4
30.Qxe4 b4 31.Qb7 Qxb7 32.Nxb7 bxc3 33.bxc3 d5 34.Rec1 Rc6 35.Na5 Ra6 36.Nb7 Rea8
37.Rab1 Ra2 38.g4 Nf6 39.f3 h6 40.Nc5 Nh7 41.f4 Bd6 42.Nd3 Ng5 43.Bg3 Nxh3+
44.Kf1 g5  0-1

[Event "Lloyds Bank op"]
[Site "London"]
[Date "1987.??.??"]
[Round "7"]
[White "Wilder, Michael"]
[Black "Fedorowicz, John P"]
[Result "1/2-1/2"]
[WhiteElo "2505"]
[BlackElo "2520"]

1.Nf3 Nc6 2.d4 d5 3.c4 Bg4 4.Nc3 Nf6 5.cxd5 Nxd5 6.e4 Nxc3 7.bxc3 e5 8.d5 Nb8
9.Qa4+ Nd7 10.Nxe5 Qf6 11.f4  1/2-1/2

[Event "New York op"]
[Site "New York"]
[Date "1987.??.??"]
[Round "?"]
[White "Fedorowicz, John P"]
[Black "Djuric, Stefan"]
[Result "1/2-1/2"]
[WhiteElo "2535"]
[BlackElo "2465"]

1.d4 Nf6 2.c4 e6 3.Nc3 Bb4 4.e3 b6 5.Nf3 O-O 6.Bd3 d5 7.O-O Bb7 8.Qe2 dxc4
9.Bxc4 c5 10.Rd1 Qe7 11.Bd2 Ne4 12.Nxe4 Bxe4 13.dxc5 Bxc5 14.Bc3 a6 15.Rac1 Ra7
16.Nd2 Bg6 17.Nb3 Bd6 18.Bd3 Rc7 19.Bxg6 hxg6 20.Rd3  1/2-1/2

[Event "New York op"]
[Site "New York"]
[Date "1987.??.??"]
[Round "?"]
[White "Fedorowicz, John P"]
[Black "Damljanovic, Branko"]
[Result "1-0"]
[WhiteElo "2535"]
[BlackElo "2470"]

1.d4 Nf6 2.c4 g6 3.Nc3 Bg7 4.e4 d6 5.Be2 O-O 6.Bg5 c5 7.d5 e6 8.Qd2 exd5
9.cxd5 Re8 10.f3 Na6 11.g4 Nc7 12.h4 b5 13.h5 b4 14.Nd1 Qe7 15.Nf2 a5 16.Kf1 Bd7
17.Kg2 Nb5 18.Re1 a4 19.hxg6 fxg6 20.Bc4 Qf7 21.Bf4 h5 22.Ngh3 Nh7 23.Bxb5 Bxb5
24.Bxd6 a3 25.b3 Bc3 26.Qe3 Bd4 27.Qf4 Qg7 28.gxh5 g5 29.Qg3 c4 30.bxc4 Bxc4
31.Rc1 Rac8 32.Bxb4 Bb2 33.Qg4 Kh8 34.e5 Ba6 35.Rxc8 Bxc8 36.e6 Bb7 37.Rd1 Nf6
38.Qf5 Rg8 39.h6 Qxh6 40.Rh1 Nxd5 41.Bd2 Rf8 42.Qxg5 Qxg5+ 43.Nxg5+ Kg8 44.Ng4 Ne7  1-0

[Event "New York op"]
[Site "New York"]
[Date "1987.??.??"]
[Round "?"]
[White "Suba, Mihai"]
[Black "Fedorowicz, John P"]
[Result "1/2-1/2"]
[WhiteElo "2560"]
[BlackElo "2535"]

1.c4 e5 2.g3 Nf6 3.Bg2 g6 4.Nf3 d6 5.d4 Nbd7 6.Nc3 Bg7 7.O-O O-O 8.h3 Re8
9.e4 a6 10.Re1 exd4 11.Nxd4 Rb8 12.b3 c5 13.Nc2 Re6 14.a4 b6 15.Rb1 Bb7 16.f3 Qc7
17.Qd2 Bc6 18.Nd5 Bxd5 19.cxd5 Ree8 20.Bb2 b5 21.axb5 Rxb5 22.Na1 Nh5 23.Bxg7 Nxg7
24.f4 c4 25.Bf1 c3 26.Qd4 Qb6 27.Qxb6 Rxb6 28.Rbc1 f5 29.e5 dxe5 30.Rxc3 exf4
31.Rxe8+ Nxe8 32.gxf4 Nef6 33.Nc2 Kf7 34.Ne3 Ke7 35.Nc4 Nxd5 36.Nxb6 Nxc3
37.Nxd7 Kxd7 38.Bxa6 Nd5 39.Bc4 Nxf4 40.Kh2 Nh5 41.h4 Kd6 42.b4 Nf6 43.Kg3 h6
44.Bd3 Ke5 45.b5 Nd5 46.Kf3  1/2-1/2

[Event "New York op"]
[Site "New York"]
[Date "1987.??.??"]
[Round "?"]
[White "Rodriguez Vargas, Orestes"]
[Black "Fedorowicz, John P"]
[Result "0-1"]
[WhiteElo "2455"]
[BlackElo "2535"]

1.d4 Nf6 2.Nf3 e6 3.c4 b6 4.Bf4 Bb7 5.e3 Be7 6.Nc3 Nh5 7.Bg3 Nxg3 8.hxg3 Bf6
9.Qc2 g6 10.O-O-O Qe7 11.Bd3 Nc6 12.Be4 O-O-O 13.Qa4 Kb8 14.Ne1 Bg7 15.Nd3 f5
16.Bf3 g5 17.Nb5 a6 18.Nc3 e5 19.Nd5 Qf8 20.dxe5 g4 21.Be2 Nxe5 22.Qc2 Qf7
23.N3f4 h5 24.Rh2 Rh6 25.Rdh1 Rdh8 26.Kb1 b5 27.Rd1 Rc6 28.c5 d6 29.b4 dxc5
30.bxc5 Nd7 31.f3 Rxc5 32.Qb3 Nf6 33.Nb4 Qxb3+ 34.axb3 Rc3 35.Rd3 Rxd3 36.Bxd3 Re8
37.Nc2 gxf3 38.gxf3 Bxf3 39.Bxf5 Ng4 40.Rd2 Nxe3 41.Bg6 Re5 42.Nd4 Bb7 43.Nfe6 Bf6
44.Nf8 Rd5 45.Nf3 Bc3  0-1

[Event "Ostend op"]
[Site "Ostend"]
[Date "1987.??.??"]
[Round "3"]
[White "Weemaes, Ronald"]
[Black "Fedorowicz, John P"]
[Result "1/2-1/2"]
[WhiteElo "2340"]
[BlackElo "2520"]

1.d4 Nf6 2.Nf3 c5 3.c3 b6 4.g3 Bb7 5.Bg2 e6 6.O-O Be7 7.Bg5 h6 8.Bxf6 Bxf6
9.Nbd2 O-O 10.Re1 cxd4 11.Nxd4 Bxg2 12.Kxg2 d5 13.N4f3 Qc7 14.e4 dxe4 15.Nxe4 Be7
16.Qe2 Nc6 17.Rad1 Rfd8 18.Rxd8+ Rxd8 19.Rd1 Rxd1 20.Qxd1 f5 21.Ned2 Qd6
22.Qa4 Bf6 23.Nc4 Qd7 24.Qb5 Kh7 25.a4 Qc7 26.h3 g6 27.Kg1 Bg7 28.Kg2 Bf6
29.Kg1 Kg7 30.Kf1 Qd7 31.Kg2 Qc7 32.Kf1 Kf8 33.Kg2 Bg7 34.Kg1 Qd7 35.Kg2 Ke7
36.Ne3 Qb7 37.Nc4 Qd7 38.Ne3 Bf6 39.Kf1 Qb7 40.Nc4 Qd7 41.Ke2 Kd8 42.Ke1 Kc7
43.Ke2 g5 44.g4 Ne7 45.Qxd7+ Kxd7 46.Nfe5+ Kc7 47.Nd3 Nd5  1/2-1/2

[Event "Ostend op"]
[Site "Ostend"]
[Date "1987.??.??"]
[Round "5"]
[White "Fedorowicz, John P"]
[Black "Berg, Klaus"]
[Result "1-0"]
[WhiteElo "2520"]
[BlackElo "2350"]

1.d4 Nf6 2.c4 c5 3.d5 b5 4.cxb5 a6 5.e3 axb5 6.Bxb5 Qa5+ 7.Nc3 Bb7 8.Ne2 Bxd5
9.O-O Bc6 10.a4 Bxb5 11.Nxb5 d5 12.e4 dxe4 13.b4 Qd8 14.Qc2 e6 15.bxc5 Na6
16.Rd1 Qc8 17.c6 Bc5 18.Be3 Qxc6 19.Rac1 O-O 20.Bxc5 Qxc5 21.Qxc5 Nxc5 22.Rxc5 Rxa4
23.Nbc3 Raa8 24.Ng3 Rfd8 25.Rxd8+ Rxd8 26.Rc4 g6 27.Ngxe4 Nxe4 28.Rxe4 h5
29.h4 Kg7 30.Rc4 Rd7 31.g3 Ra7 32.Kg2 Rb7 33.Ne4 Rd7 34.Rc6 Rd4 35.Nc5 Rd5
36.Rc7 Kg8 37.Ne4  1-0

[Event "Ostend op"]
[Site "Ostend"]
[Date "1987.??.??"]
[Round "7"]
[White "Fedorowicz, John P"]
[Black "Pieterse, Gert"]
[Result "1-0"]
[WhiteElo "2520"]
[BlackElo "2360"]

1.d4 d5 2.c4 e6 3.Nf3 c6 4.Qb3 Nf6 5.g3 Be7 6.Bg2 O-O 7.O-O Nbd7 8.Bf4 b6
9.Nc3 Ba6 10.cxd5 cxd5 11.Nb5 Bxb5 12.Qxb5 a6 13.Qd3 b5 14.Rfc1 Qb6 15.Rc2 Rac8
16.Rac1 Qb7 17.Rc7 Qa8 18.Ne5 Rxc7 19.Rxc7 Qe8 20.Nc6 Nh5 21.Rc8  1-0

[Event "Cannes op"]
[Site "Cannes"]
[Date "1988.??.??"]
[Round "?"]
[White "Fedorowicz, John P"]
[Black "Giffard, Nicolas"]
[Result "1-0"]
[WhiteElo "2560"]
[BlackElo "2310"]

1.d4 Nf6 2.c4 d6 3.Nf3 Nbd7 4.Nc3 c6 5.e4 e5 6.Be2 Be7 7.O-O O-O 8.Re1 a6
9.a3 b5 10.b4 Bb7 11.Bb2 Qb8 12.Qb3 exd4 13.Nxd4 Ne5 14.cxb5 axb5 15.Nf5 Bd8
16.Rad1 Bc7 17.h3 Re8 18.f4 Ng6 19.Rf1 Bc8 20.Ng3 Bb6+ 21.Kh1 Ra7 22.Bd3 Rae7
23.Nce2 Ra7 24.Nd4 Qa8 25.Ndf5 Bxf5 26.Nxf5 Re6 27.Nxg7 Kxg7 28.f5 Re5 29.fxg6 hxg6
30.Bb1 Qb8 31.Rf3 Bd8 32.Rdf1 Rd7 33.Qc2 Qc7 34.Ba2 Qb7 35.Qf2 Bb6 36.Qh4  1-0

[Event "Cannes op"]
[Site "Cannes"]
[Date "1988.??.??"]
[Round "?"]
[White "Fedorowicz, John P"]
[Black "Belkhodja, Slim"]
[Result "1/2-1/2"]
[WhiteElo "2560"]
[BlackElo "2390"]

1.d4 Nf6 2.c4 g6 3.Nc3 Bg7 4.e4 d6 5.Be2 O-O 6.Bg5 h6 7.Be3 e5 8.d5 Nbd7
9.g4 Nc5 10.f3 a5 11.Nh3 Nh7 12.Nf2 Qh4 13.Qd2 Bd7 14.O-O-O Bf6 15.Nd3 Nxd3+
16.Bxd3 Bg5 17.Kb1 Bxe3 18.Qxe3 Ng5 19.Rdf1 b6 20.Bc2 Nh3 21.Ne2  1/2-1/2

[Event "Cannes op"]
[Site "Cannes"]
[Date "1988.??.??"]
[Round "?"]
[White "Fedorowicz, John P"]
[Black "Ward, Christopher"]
[Result "1-0"]
[WhiteElo "2560"]
[BlackElo "2310"]

1.d4 Nf6 2.c4 e6 3.Nc3 Bb4 4.e3 b6 5.Ne2 Ne4 6.f3 Bxc3+ 7.bxc3 Nd6 8.Ng3 Nc6
9.e4 Ba6 10.e5 Nxc4 11.Bd3 N6a5 12.O-O Bb7 13.Qe2 Bd5 14.Nh5 Qh4 15.f4 O-O-O
16.g3 Qe7 17.Rb1 f5 18.Rb4 Qf7 19.g4 fxg4 20.Ng3 h5 21.Rxc4 Nxc4 22.Bxc4 Bf3
23.Rxf3 gxf3 24.Qxf3 Kb8 25.Ne4 Qg6+ 26.Kf2 Qg4 27.Ng5 Rdf8 28.h3 Qxf3+ 29.Kxf3 Kb7
30.Ba3 Rb8 31.Bb5 c6 32.Bd3 c5 33.dxc5 bxc5 34.Bxc5 Rhc8 35.Bb4 Kb6 36.Ne4 Rc6
37.Ke3 Rbc8 38.Kd4 a5 39.Bd6 Rh8 40.a4 Ra8 41.Bb5  1-0

[Event "Cannes op"]
[Site "Cannes"]
[Date "1988.??.??"]
[Round "?"]
[White "Werner, Marc"]
[Black "Fedorowicz, John P"]
[Result "1-0"]
[WhiteElo "2295"]
[BlackElo "2560"]

1.e4 c5 2.c3 d6 3.d4 Nf6 4.dxc5 Nc6 5.Nd2 dxc5 6.Ngf3 e6 7.Qc2 Qc7 8.g3 Be7
9.Nc4 e5 10.Bg5 Ng4 11.h3 Bxg5 12.hxg4 Qe7 13.Nxg5 Qxg5 14.Be2 O-O 15.Rh5 Qe7
16.O-O-O g6 17.Rh4 Qg5+ 18.Kb1 Be6 19.Rdh1 Rfd8 20.Rxh7 Kf8 21.f4 exf4 22.Qc1 Qf6
23.gxf4 g5 24.f5  1-0

[Event "New York op"]
[Site "New York"]
[Date "1988.??.??"]
[Round "?"]
[White "Gligoric, Svetozar"]
[Black "Fedorowicz, John P"]
[Result "1/2-1/2"]
[WhiteElo "2515"]
[BlackElo "2560"]

1.d4 Nf6 2.c4 e6 3.Nf3 c5 4.d5 exd5 5.cxd5 d6 6.Nc3 g6 7.e4 Bg7 8.Bb5+ Nbd7
9.Bf4 Qe7 10.O-O O-O 11.Re1 Ng4 12.Bg5 Bf6 13.Bxf6 Ndxf6 14.Bf1 a6 15.g3 b5
16.e5 Nxe5 17.Nxe5 dxe5 18.d6 Qe6 19.Bg2 Ra7 20.f4 e4 21.Nxe4 Nxe4 22.Rxe4 Qf6
23.Re5 Rd7 24.Qd5 Qxd6 25.Qxd6 Rxd6 26.Rxc5 Rd2 27.b4 Be6 28.a3 Rfd8 29.Rcc1 h5
30.Bf3 Rb2 31.Rc3 h4 32.gxh4 Rdd2 33.h5 gxh5 34.h4 Rd4 35.Bxh5 Rxf4 36.Rg3+ Kf8
37.Rg2 Rxg2+ 38.Kxg2 Rxh4 39.Bf3 Rc4 40.Bb7 Bc8 41.Bd5 Rd4 42.Bf3 Be6 43.Rd1 Rxd1
44.Bxd1 Ke7 45.Kf3 Kd6 46.Ke4 Bd7 47.Bb3 f6 48.Kd4 Be6 49.Bd1 Kc6 50.Bf3+ Kb6
51.Be4 a5 52.Bf3 axb4 53.axb4 Kc7 54.Be2 Bc4  1/2-1/2

[Event "New York op"]
[Site "New York"]
[Date "1988.??.??"]
[Round "?"]
[White "Fedorowicz, John P"]
[Black "Gurevich, Dmitry"]
[Result "1/2-1/2"]
[WhiteElo "2560"]
[BlackElo "2475"]

1.d4 Nf6 2.c4 e6 3.Nf3 c5 4.d5 exd5 5.cxd5 g6 6.Nc3 Bg7 7.g3 d6 8.Bg2 O-O
9.O-O Na6 10.h3 Re8 11.Bf4 Nc7 12.a4 b6 13.Re1 Ne4 14.Nxe4 Rxe4 15.Nd2 Rxf4
16.gxf4 Qh4 17.e3  1/2-1/2

[Event "New York op"]
[Site "New York"]
[Date "1988.??.??"]
[Round "?"]
[White "Fedorowicz, John P"]
[Black "Abramovic, Bosko"]
[Result "1/2-1/2"]
[WhiteElo "2560"]
[BlackElo "2460"]

1.e4 c5 2.Nf3 Nc6 3.d4 cxd4 4.Nxd4 g6 5.c4 Bg7 6.Be3 Nf6 7.Nc3 Ng4 8.Qxg4 Nxd4
9.Qd1 Ne6 10.Rc1 Qa5 11.Bd3 g5 12.O-O Qe5 13.c5 O-O 14.Nd5 Nf4 15.Nxf4 gxf4
16.Bd2 b6 17.Qf3 Bb7 18.Bxf4 Qxb2 19.Qg3 Kh8 20.e5 f5 21.exf6 Qxf6 22.Bg5 Qf7
23.Qh4 Bf6 24.Bxf6+ exf6 25.Rfd1 Bc6 26.g3 Rae8 27.Bc4 Qg6 28.cxb6 axb6 29.Bd5 Re2
30.Bxc6 dxc6 31.Qb4 Rfe8 32.Qxb6 Rxa2 33.Rxc6 Qg4 34.Rcd6 Rae2 35.Rd8 Qf3
36.Rxe8+ Rxe8 37.Rd8 Rxd8 38.Qxd8+ Kg7 39.Qe7+ Kg8 40.h3 Qc6 41.g4 Qf3 42.g5 fxg5
43.Qxg5+ Kf7 44.Qg4 Qd5 45.Kh2 Qc5 46.Kg3 Qc2 47.h4 Qb1 48.Qd7+ Kf6 49.Qd4+ Kf7
50.f3 Qh1 51.Qd7+ Kf6 52.Qd4+ Kf7 53.Qe3 Qf1 54.f4 Qb1 55.h5 h6 56.Qf3 Qb5
57.Kh4 Qc4 58.Qb7+ Kg8 59.Qb8+ Kh7 60.Qe5 Qc6 61.Kg3 Kg8 62.Qb8+ Kg7 63.Qd8 Qe6
64.Qd4+ Kf7 65.Qe5 Qb6 66.Qd5+ Kf6 67.Qe5+ Kf7 68.Kg4 Qc6 69.Qf5+  1/2-1/2

[Event "New York op"]
[Site "New York"]
[Date "1988.??.??"]
[Round "?"]
[White "Burger, Karl"]
[Black "Fedorowicz, John P"]
[Result "1/2-1/2"]
[WhiteElo "2320"]
[BlackElo "2560"]

1.c4 Nf6 2.Nc3 g6 3.d4 Bg7 4.e4 d6 5.Be2 O-O 6.Nf3 c5 7.O-O Nc6 8.d5 Na5
9.Nd2 e5 10.a3 b6 11.b4 Nb7 12.Nb3 Ne8 13.Bd2 f5 14.f3 f4 15.Qc2 h5 16.Rfb1 g5
17.Qd1 Rf6 18.bxc5 dxc5 19.a4 a5 20.Nc1 Nbd6 21.Qb3 Ra6 22.Nd3 Rg6 23.h3 g4
24.fxg4 hxg4 25.hxg4 Bxg4 26.Nf2 Bc8 27.Bf3 Nf7 28.Kf1 Ng5 29.Ke2 Nf6 30.Rh1 Bd7
31.Nb5 Nfh7 32.Rag1 Ra8 33.Bc3 Rb8 34.Qb2 Qf6 35.Qa1 Rf8 36.Qd1 Nxf3 37.gxf3 Rg3
38.Nd3 Qe7 39.Be1 Rxg1  1/2-1/2

[Event "World op"]
[Site "Philadelphia"]
[Date "1988.??.??"]
[Round "?"]
[White "Benko, Pal C"]
[Black "Fedorowicz, John P"]
[Result "1/2-1/2"]
[WhiteElo "2425"]
[BlackElo "2560"]

1.g3 Nf6 2.Bg2 g6 3.c4 Bg7 4.Nc3 O-O 5.Nf3 d5 6.cxd5 Nxd5 7.O-O c5 8.Nxd5 Qxd5
9.d3 Nc6 10.Be3 Bd7 11.Nd4 Qd6 12.Nxc6 Bxc6 13.Bxc6 Qxc6  1/2-1/2

[Event "Porz"]
[Site "Porz"]
[Date "1988.??.??"]
[Round "?"]
[White "Meduna, Eduard"]
[Black "Fedorowicz, John P"]
[Result "0-1"]
[WhiteElo "2460"]
[BlackElo "2520"]

1.d4 Nf6 2.Nf3 g6 3.Bg5 Bg7 4.Nbd2 O-O 5.e3 d6 6.Be2 Nc6 7.O-O h6 8.Bh4 e5
9.c3 Re8 10.a4 e4 11.Ne1 g5 12.Bg3 Ne7 13.Nc2 Nf5 14.a5 a6 15.b4 Bd7 16.c4 c6
17.Nb3 Rc8 18.Nd2 Qe7 19.Rb1 Kh8 20.Na1 Rf8 21.Nab3 Nh7 22.b5 cxb5 23.cxb5 axb5
24.Nc1 Nxg3 25.hxg3 f5 26.Bxb5 Be6 27.Ne2 Nf6 28.Qa4 Ng4 29.Rfc1 Rxc1+ 30.Rxc1 f4
31.Qa3 fxe3 32.fxe3 Bd5 33.Qc3 Qf7 34.Rf1 Qh5 35.Rxf8+ Bxf8 36.Nf1 Qf7 37.Qe1 Be6
38.Nc3 d5 39.Nd1 Bd6 40.a6 bxa6 41.Bxa6 Nf6 42.Be2 Kg7 43.Nf2 Qc7 44.Nh1 Kg6
45.Qd2 g4 46.Kh2 h5 47.Kg1 Ne8 48.Bd1 Ng7 49.Qc2 Qb6 50.Qa2 Nf5 51.Bb3 Qb7
52.Qa4 Bf7 53.Qa2 Kg7 54.Ba4 Qc7 55.Qf2 Be6 56.Bb5 Qb6 57.Be8 Kh6 58.Bf7 Bc7
59.Be8 Kg5 60.Qc2 Bd6 61.Ba4 Qa6 62.Qd1 Qc4 63.Bb3 Qc3 64.Qc2 Bb4 65.Qxc3 Bxc3
66.Kf2 Kf6 67.Ba4 Bc8 68.Bb5 Ke7 69.Nh2 Nd6 70.Be2 Bd7 71.Nf1 Kd8 72.Kg1 Kc7
73.Nf2 Kb6 74.Nh2 Ka5 75.Bf1  0-1

[Event "Porz"]
[Site "Porz"]
[Date "1988.??.??"]
[Round "?"]
[White "Fleck, Juergen"]
[Black "Fedorowicz, John P"]
[Result "1-0"]
[WhiteElo "2415"]
[BlackElo "2520"]

1.e4 c5 2.Nf3 d6 3.d4 cxd4 4.Nxd4 Nf6 5.Nc3 Nc6 6.Be2 e5 7.Nf3 h6 8.O-O Be7
9.Re1 O-O 10.h3 Re8 11.Bf1 Bf8 12.b3 a6 13.Bb2 b5 14.a4 b4 15.Nd5 Nxd5 16.exd5 Ne7
17.c3 bxc3 18.Bxc3 Bb7 19.Bc4 Rc8 20.Rc1 Ng6 21.Qd2 Nf4 22.Kh2 Qf6 23.Bb2 Qf5
24.Re3 Rc5 25.b4 Rcc8 26.Rec3 Rxc4 27.Rxc4 Bxd5 28.R4c3 g5 29.b5 axb5 30.axb5 h5
31.Nxg5 Bh6 32.h4 Qg4 33.Rg3 Qxh4+ 34.Nh3+ Kh8 35.Rcc3 Rg8 36.Rxg8+ Kxg8
37.Rg3+ Kh8 38.b6 Qf6 39.Qc2 Qe6 40.Qc7 Kh7 41.b7 h4 42.Qc2+ Be4 43.Qxe4+ f5
44.Qc2 hxg3+ 45.fxg3  1-0

[Event "Porz"]
[Site "Porz"]
[Date "1988.??.??"]
[Round "?"]
[White "Fedorowicz, John P"]
[Black "Jackelen, Thomas"]
[Result "1-0"]
[WhiteElo "2520"]
[BlackElo "2325"]

1.e4 e6 2.d4 d5 3.e5 c5 4.c3 Nc6 5.Nf3 Nge7 6.Na3 cxd4 7.cxd4 Nf5 8.Nc2 Qa5+
9.Bd2 Qb6 10.Bc3 Be7 11.Bd3 a5 12.a3 O-O 13.g4 Nh4 14.Rg1 f5 15.gxf5 Nxf5
16.Ne3 Nxe3 17.fxe3 Bd7 18.Qe2 Rf7 19.Qg2 Nb8 20.Qh3 g6 21.Bxg6 hxg6 22.Rxg6+ Rg7
23.Rxg7+ Kxg7 24.O-O-O Bf8 25.Ng5  1-0

[Event "Porz"]
[Site "Porz"]
[Date "1988.??.??"]
[Round "?"]
[White "Fedorowicz, John P"]
[Black "Gawehns, Klaus"]
[Result "1-0"]
[WhiteElo "2520"]
[BlackElo "2365"]

1.d4 g6 2.c4 Bg7 3.e4 d6 4.Nc3 e5 5.Nf3 exd4 6.Nxd4 Nc6 7.Be3 Nge7 8.Be2 O-O
9.O-O f5 10.Nxc6 Nxc6 11.exf5 Bxf5 12.Qd2 Qf6 13.Rad1 Kh8 14.Nd5 Qf7 15.Rfe1 Ne5
16.f4 Ng4 17.Bd4 Rae8 18.h3 Nf6 19.Bf3 Be6 20.Nxf6 Bxf6 21.Bxb7 Rb8 22.Bc6 Bxc4
23.b3 Bb5 24.Bd5 Qg7 25.Bxa7 Rbe8 26.Bf2 Rxe1+ 27.Qxe1 g5 28.a4 Bd7 29.fxg5 Qxg5
30.Qe3 Qg7 31.Qg3 Qh6 32.Be3 Qh5 33.Qf3 Qh4 34.Qf2 Qh5 35.Bf3 Qf7 36.Qc2 Be6
37.Rc1 c5 38.a5 Bxb3 39.Qd2 Be5 40.a6 Qg6 41.a7 d5 42.Bxc5 Re8 43.Re1  1-0

[Event "Porz"]
[Site "Porz"]
[Date "1988.??.??"]
[Round "?"]
[White "Ostermeyer, Peter"]
[Black "Fedorowicz, John P"]
[Result "0-1"]
[WhiteElo "2450"]
[BlackElo "2520"]

1.e4 c5 2.Nf3 d6 3.c3 Nf6 4.Be2 g6 5.O-O Bg7 6.Bb5+ Nbd7 7.Re1 a6 8.Bf1 O-O
9.d4 cxd4 10.cxd4 b5 11.a4 b4 12.e5 dxe5 13.dxe5 Ng4 14.e6 fxe6 15.h3 Nge5
16.Nxe5 Nxe5 17.Qb3 Nc6 18.Be3 Nd4 19.Qd1 Bb7 20.Nd2 Nf5 21.Nc4 Bd5 22.Rb1 Qb8
23.Qg4 Kh8 24.b3 Nxe3 25.Nxe3 Rf4 26.Qd1 Qd6 27.Bc4 Bd4 28.Qe2 Bxc4 29.Nxc4 Rxf2
30.Qxf2 Bxf2+ 31.Kxf2 Qd4+ 32.Kg3 Rf8 33.Kh2 Rf2 34.Re3 Rc2 35.Rbe1 Qf4+
36.Kh1 Qg5 37.R1e2 Rc1+ 38.Kh2 Qf4+ 39.Rg3 Rc3 40.Re3 Rxe3 41.Nxe3 h5  0-1

[Event "USA-ch"]
[Site "?"]
[Date "1988.??.??"]
[Round "?"]
[White "Kudrin, Sergey"]
[Black "Fedorowicz, John P"]
[Result "1-0"]
[WhiteElo "2545"]
[BlackElo "2520"]

1.e4 c5 2.Nf3 d6 3.d4 cxd4 4.Nxd4 Nf6 5.Nc3 e6 6.Be2 Be7 7.O-O O-O 8.f4 Nc6
9.Kh1 Qc7 10.Be3 a6 11.Qe1 Nxd4 12.Bxd4 b5 13.a3 Bb7 14.Qg3 Bc6 15.Rae1 Qb7
16.Bd3 b4 17.axb4 Qxb4 18.Ne2 Qb7 19.e5 dxe5 20.Bxe5 Be4 21.Bxe4 Qxe4 22.Nd4 Qg6
23.f5 Qxg3 24.Bxg3 Nh5 25.Be5 Rfc8 26.fxe6 fxe6 27.c3 Re8 28.Nxe6 Bh4 29.Nc7 Bxe1
30.Rxe1 Rac8 31.Nxe8 Rxe8 32.c4 Nf4 33.Bc3 Rxe1+ 34.Bxe1 Nd3 35.Bc3 g5 36.Kg1 g4
37.b4 Kf7 38.g3 Ke6 39.Kf1 a5 40.bxa5  1-0

[Event "USA-ch"]
[Site "?"]
[Date "1988.??.??"]
[Round "?"]
[White "Gulko, Boris F"]
[Black "Fedorowicz, John P"]
[Result "1-0"]
[WhiteElo "2590"]
[BlackElo "2520"]

1.d4 Nf6 2.Nf3 e6 3.c4 b6 4.g3 Ba6 5.b3 Bb4+ 6.Bd2 Be7 7.Bg2 O-O 8.O-O c6
9.Bc3 d5 10.Nbd2 Nbd7 11.Re1 Bb7 12.e4 dxe4 13.Nxe4 Qc7 14.Nxf6+ Nxf6 15.Qc2 Rad8
16.b4 Rfe8 17.a3 Nd7 18.Rad1 c5 19.dxc5 bxc5 20.b5 Bxf3 21.Bxf3 Bf6 22.Bc6 Bxc3
23.Qxc3 Rf8 24.Qe3 g6 25.Bxd7 Rxd7 26.Rxd7 Qxd7 27.Qxc5 Rc8 28.Qb4 Qd4 29.Rc1 Rc5
30.Qc3 Qd6 31.a4 h5 32.h4 e5 33.a5 e4 34.Qe3 Qe7 35.Qd4 Qc7 36.Qxe4 Qxa5
37.Qe8+ Kg7 38.Rd1 Rxc4 39.Rd8 Kf6 40.Rd7 Rc1+ 41.Kg2 Qa2 42.Qe7+ Kg7 43.Qe5+  1-0

[Event "USA-ch"]
[Site "?"]
[Date "1988.??.??"]
[Round "?"]
[White "Frias, Victor J"]
[Black "Fedorowicz, John P"]
[Result "1/2-1/2"]
[WhiteElo "2510"]
[BlackElo "2520"]

1.c4 Nf6 2.g3 g6 3.Bg2 Bg7 4.Nc3 O-O 5.Nf3 d6 6.O-O e5 7.d4 Nbd7 8.e4 c6
9.h3 exd4 10.Nxd4 Nc5 11.Be3 Re8 12.Qc2 a5 13.Rad1 Qe7 14.Rfe1 a4 15.f4  1/2-1/2

[Event "Hoogovens-B"]
[Site "Wijk aan Zee"]
[Date "1988.??.??"]
[Round "?"]
[White "Fedorowicz, John P"]
[Black "Flear, Glenn C"]
[Result "1-0"]
[WhiteElo "2560"]
[BlackElo "2460"]

1.c4 e6 2.e4 b6 3.Nc3 Bb7 4.Nf3 Bb4 5.Bd3 Ne7 6.O-O O-O 7.Bc2 f5 8.exf5 Nxf5
9.Ne4 Be7 10.d4 Nc6 11.d5 Nb4 12.Bb3 Na6 13.Ng3 Nxg3 14.hxg3 Nc5 15.Bc2 Bf6
16.Rb1 a5 17.Be3 exd5 18.cxd5 Qe7 19.a3 Rae8 20.Re1 Qd8 21.b4 axb4 22.Rxb4 d6
23.Qb1 h6 24.Bh7+ Kh8 25.Bg6 Bxd5 26.Bxe8 Rxe8 27.Bd4 Bxf3 28.Rxe8+ Qxe8
29.Bxf6 Be4 30.Qc1 Qg6 31.Bd4 Nd3 32.Qxc7 Nxb4 33.axb4 b5 34.Qb8+ Kh7 35.Qxb5 Bxg2
36.Kxg2 Qe4+ 37.Kg1 Qxd4 38.Qf5+ Kh8 39.b5 d5 40.Qe6 Qd1+ 41.Kg2 d4 42.Qe8+ Kh7
43.Qe4+ g6 44.b6 d3 45.Qe7+ Kh8 46.b7  1-0

[Event "Hoogovens-B"]
[Site "Wijk aan Zee"]
[Date "1988.??.??"]
[Round "?"]
[White "Fedorowicz, John P"]
[Black "Riemersma, Liafbern"]
[Result "1-0"]
[WhiteElo "2560"]
[BlackElo "2420"]

1.d4 Nf6 2.c4 e6 3.Nc3 Bb4 4.e3 O-O 5.Bd3 c5 6.Ne2 d5 7.cxd5 cxd4 8.exd4 Nxd5
9.O-O Re8 10.Bc2 Nc6 11.Qd3 g6 12.Rd1 Bf8 13.Qf3 Bg7 14.Be4 Qe7 15.Qg3 Bd7
16.Bg5 Qb4 17.a3 Qb6 18.Qh3 Nce7 19.Bh6 Rad8 20.Bxg7 Kxg7 21.Qg3 Bc6 22.h4 Qc7
23.Qf3 Nf6 24.Rac1 Nxe4 25.Nxe4 f5 26.Ng5 Qd6 27.Qh3 h6 28.Nf3 Bxf3 29.Qxf3 Nd5
30.Rc2 Rc8 31.Rdc1 Rxc2 32.Rxc2 Re7 33.h5 g5 34.g4 Rf7 35.gxf5 Rxf5 36.Qe4 Kf6
37.Ng3 Qf4 38.Qe2 Qxd4 39.Rc4 Qe5 40.Re4 Qd6 41.Nxf5 exf5 42.Rd4 Qe5 43.Qxe5+ Kxe5
44.Rc4 b6 45.Rc8 Nf6 46.Rc7 Nxh5 47.Rxa7 Nf4 48.Rb7 Nd5 49.Rh7  1-0

[Event "Hoogovens-B"]
[Site "Wijk aan Zee"]
[Date "1988.??.??"]
[Round "?"]
[White "Fedorowicz, John P"]
[Black "Nijboer, Friso"]
[Result "0-1"]
[WhiteElo "2560"]
[BlackElo "2375"]

1.d4 Nf6 2.c4 g6 3.Nc3 Bg7 4.e4 d6 5.Be2 O-O 6.Bg5 Nbd7 7.f3 c6 8.Nh3 e5
9.d5 h6 10.Be3 Qe7 11.Qd2 Kh7 12.g4 cxd5 13.cxd5 a6 14.Nf2 Ng8 15.h4 f5 16.gxf5 gxf5
17.exf5 Ndf6 18.Nfe4 Kh8 19.Nxf6 Qxf6 20.Ne4 Qxf5 21.Nxd6 Qg6 22.Ne4 Bf5
23.h5 Qf7 24.O-O-O Rfd8 25.Nc3 Rac8 26.Rhg1 b5 27.a3 Bf8 28.Bd3 Rxd5 29.Qc2 Rxd3
30.Rxd3 a5 31.Qd2 Bxd3 32.Qxd3 b4 33.Bd2 bxc3 34.Bxc3 Bg7 35.Kb1 Rf8 36.Bxa5 Qxh5
37.Bc3 Qxf3 38.Qxf3 Rxf3 39.a4 Ne7 40.Re1 Rf5 41.a5 Nd5 42.Bd2 Rf8 43.Re4 Kh7
44.b4 Rb8 45.Kc2 Kg6 46.Rg4+ Kf7 47.Kb3 Bf8 48.Ka4 Nc7 49.Bc3 Bd6 50.Rc4 Ke6
51.Rh4 Kd7 52.Bd2 Na6 53.Bc3 Nxb4  0-1

[Event "Hoogovens-B"]
[Site "Wijk aan Zee"]
[Date "1988.??.??"]
[Round "?"]
[White "Fedorowicz, John P"]
[Black "Ligterink, Gert"]
[Result "1/2-1/2"]
[WhiteElo "2560"]
[BlackElo "2455"]

1.d4 Nf6 2.c4 e6 3.Nc3 Bb4 4.Qc2 O-O 5.Nf3 c5 6.dxc5 Na6 7.g3 Nxc5 8.Bg2 Nce4
9.O-O Bxc3 10.bxc3 Qa5 11.Bb2 b6 12.Nd4 Bb7 13.Nb3 Qa4 14.c5 Nxc5 15.Bxb7 Nxb7
16.c4 Na5 17.Bxf6 gxf6 18.Qb2 Kg7 19.Nxa5 Qxa5 20.Rad1 Rfc8 21.Rd4 Qe5 22.Qd2 Rc7
23.Rb1 Rac8 24.Rb5 Rc5 25.Rg4+ Kf8 26.Qxd7 Qc7 27.Qxc7 R8xc7  1/2-1/2

[Event "Hoogovens-B"]
[Site "Wijk aan Zee"]
[Date "1988.??.??"]
[Round "?"]
[White "Fedorowicz, John P"]
[Black "Knaak, Rainer"]
[Result "1/2-1/2"]
[WhiteElo "2560"]
[BlackElo "2525"]

1.d4 e6 2.Nf3 f5 3.g3 Nf6 4.Bg2 d5 5.c4 c6 6.O-O Bd6 7.Qc2 O-O 8.Bf4 Bxf4
9.gxf4 Bd7 10.Nbd2 Be8 11.Rab1 Bh5 12.b4 Ne4 13.b5 Nxd2 14.Qxd2 Bxf3 15.Bxf3 Nd7
16.bxc6 bxc6 17.c5 Rf6 18.Rb3 Rh6 19.Bg2 Nf6 20.Rfb1 Qe8 21.h3 Rg6 22.Qb2 Nd7
23.Rb7 Qd8 24.Qa3 a5 25.R1b3 h6 26.Rg3 Rf6 27.Qb2 Rf7 28.a4 Kh7  1/2-1/2